Riconosci lo Stato - Quiz n°58 - Statistics

Statistiche generali
  • Questo quiz è stato fatto 32 volte
  • Il punteggio medio è 12 su 13
Statistiche sulle risposte
Indizio Risposta % Corretto
Popolazione 37 123 402 ab.
96%
Superficie 446 550 km²
96%
Indipendenza dalla Francia il 2 marzo 1956 dalla Spagna il 7 aprile 1956
96%
Valuta Dirham
96%
Re Mohammed VI
96%
Iniziale della Capitale R
96%
Fuso Orario UTC+1 UTC+0 (durante il Ramadan)
96%
ISU 0,686
93%
PIL (nominale) 104 700 milioni di $
93%
Tasso di crescita 1,1%
93%
Primo ministro Aziz Akhannouch
93%
Risposta Marocco
93%
Forma di Governo Monarchia costituzionale
93%
Nessun quiz corrispondente trovato
Distribuzione punteggi
Percentuale di utenti per punteggio
Percentile per numero di risposta
I tuoi punteggi nel tempo
Non hai fatto questo quiz